000 02788nam0a2200409 4500
001 RU\NLR\bibl\1222572
005 20260408130339.0
010 _a5-201-11134-3
_91000
021 _aRU
_b2008-32912
_91811
035 _a(NLR Aleph) 001208910
090 _a65517
_c65517
100 _a20080505d2007 |||y0rusy50 ca
101 0 _arus
_deng
102 _aRU
105 _aa |||||||||
200 1 _aПрирода Елагина острова
_f[геоботаник Т.В. Бибикова, териолог, к.б.н. А.Г. Бубличенко, геоботаник-картограф, к.б.н. Е.А. Волкова и др.
_gред. Е.А. Волкова]
_gКом. по природопользованию, охране окружающей среды и обеспечению экол. безопасности Правительства Санкт-Петербурга, Дирекция особо охраняемых природ. территорий Санкт-Петербурга [и др.]
210 _aСанкт-Петербург
_c[б. и.]
_d2007
215 _a106, [1] с., XXXIV л. цв. ил.
_cил.
_d28
300 _aАвт. указаны на обороте тит. л.
300 _aВ надзаг. также: С.-Петерб. науч. центр Рос. акад. наук, Ботан. ин-т им. им. В.Л. Комарова РАН, Зоол. ин-т РАН, С.-Петерб. гос. ун-т
300 _aРез. на англ. яз.
320 _aБиблиогр.: с. 99-100
606 1 _aЖивая природа
_yЕлагин остров (Санкт-Петербург)
_92515124
_3RU\NLR\auth\661490746
686 _aЕ085(2Р31-4Ле-2)
701 1 _4070
_8rus
_7ca
_aБибикова
_bТ. В.
_cканд. биол. наук
_f1944-
_gТатьяна Васильевна
_3RU\NLR\auth\7765483
_948412
701 1 _4070
_8rus
_7ca
_aБубличенко
_bА. Г.
_gАндрей Георгиевич
_3RU\NLR\auth\7765609
_948538
701 1 _4070
_8rus
_7ca
_aВолкова
_bЕ. А.
_cканд. биол. наук
_gЕлена Анатольевна
_3RU\NLR\auth\7765220
_948149
702 1 _4340
_8rus
_7ca
_aВолкова
_bЕ. А.
_cканд. биол. наук
_gЕлена Анатольевна
_3RU\NLR\auth\7765220
_948149
712 0 2 _4570
_aДирекция особо охраняемых природных территорий Санкт-Петербурга
_3RU\NLR\AUTH\880484032
_9628490
801 0 _aRU
_bNLR
_c20080505
_gRCR
801 1 _aRU
_bNLR
_c20080505
830 _aавт. по кн.
942 _cBOOK
980 _aNB
981 4 3 _a(43) Тематическая подборка Санкт-Петербург
_b(43) География. Природная среда. Экология